000
00297nam a22001337a 4500
008
171017b xxu||||| |||| 00| 0 eng d
020
_a
9780132186940
041
_a
eng
080
_a
331.101.262
100
_a
52
101
_a
BNJ
245
_a
CONSUMER BEHAVIOR
_c
SOLOMON, M,R
942
_2
udc
_c
BK
999
_c
34296
_d
34296